Význam konkurencieschopnosti pre ekonomiku

Analýza dôležitosti a významu konkurencieschopnosti národnej ekonomiky v období globalizácie svetového hospodárstva. Podniky konfrontované s konkurenciou, ktorá prekračuje politické a geografické hranice. Zachovanie a rast konkurencieschopnosti ako prvoradá úloha manažmentov všetkých podnikov a záro...

ver descrição completa

Na minha lista:
Detalhes bibliográficos
Autor principal: Oravec, Andrej
Formato: Capítulo de Livro
Idioma:eslovaco
Assuntos:
Tags: Adicionar Tag
Sem tags, seja o primeiro a adicionar uma tag!

MARC

LEADER 00000nla$a2200000$$$4500
001 0118060
005 20221207081609.6
041 0 |a slo 
044 |a CZ 
245 1 0 |a Význam konkurencieschopnosti pre ekonomiku  |c Andrej Oravec 
520 |a Analýza dôležitosti a významu konkurencieschopnosti národnej ekonomiky v období globalizácie svetového hospodárstva. Podniky konfrontované s konkurenciou, ktorá prekračuje politické a geografické hranice. Zachovanie a rast konkurencieschopnosti ako prvoradá úloha manažmentov všetkých podnikov a zároveň aj manažmentu štátov. Využívanie komparatívnych výhod nízkych nákladov a komparatívnych výhod odvodených z inovácií a inovačného predstihu. 
610 2 0 |a konkurencieschopnosť 
610 2 0 |a konkurencia trhová 
610 2 0 |a výhody konkurenčné 
610 2 0 |a hospodárstvo národné 
610 2 0 |a firmy 
610 2 0 |a štát 
610 2 0 |a globalizácia 
610 2 0 |a ekonómia 
610 2 0 |a inovácia 
610 2 0 |a náklady 
100 1 |a Oravec, Andrej